[Event "Aegean op 39th"]
[Site "Aghios Kirykos"]
[Date "2016.07.12"]
[Round "2"]
[White "Sarandos, Vasilios"]
[Black "Katopodis, Ioannis"]
[Result "1-0"]
[WhiteElo "2219"]
[BlackElo "1796"]
[PlyCount "47"]
[EventDate "2016.07.11"]
[EventType "swiss"]
[EventRounds "9"]
[EventCountry "GRE"]
[SourceTitle "CBM 173 Extra"]
[Source "ChessBase"]
[SourceDate "2016.08.29"]
[SourceVersion "1"]
[SourceVersionDate "2016.08.29"]
[SourceQuality "1"]

1. d4 d5 2. c4 c6 3. Nf3 Nf6 4. e3 Bg4 5. Qb3 Qc8 6. Nc3 e6 7. Nh4 Be7 8. h3 Bh5 9. g4 Bg6 10. Nxg6 hxg6 11. Bg2 Na6 12. Bd2 Bb4 13. Ke2 Bxc3 14. Bxc3 dxc4 15. Qxc4 Nd5 16. Bd2 Qc7 17. Rac1 Rc8 18. a3 g5 19. Qd3 Qd6 20. b4 0-0 21. h4 gxh4 22. Rxh4 g6 23. g5 Kg7 24. e4 1-0

[Event "Petroupoli ASOP Dias op"]
[Site "Petroupoli"]
[Date "2014.03.05"]
[Round "2.20"]
[White "Katopodis, Ioannis"]
[Black "Kouskoutis, Georgios Alexandros"]
[Result "0-1"]
[WhiteElo "1746"]
[BlackElo "1979"]
[PlyCount "82"]
[EventDate "2014.02.26"]
[EventType "swiss"]
[EventRounds "7"]
[EventCountry "GRE"]
[SourceTitle "EXT 2024"]
[Source "ChessBase"]
[SourceDate "2023.10.10"]
[SourceVersion "1"]
[SourceVersionDate "2023.10.10"]
[SourceQuality "1"]

1. c4 e5 2. g3 Nf6 3. Bg2 d5 4. cxd5 Nxd5 5. Nc3 Nb6 6. d3 Be7 7. Nf3 Nc6 8. 0-0 0-0 9. Be3 Bg4 10. h3 Be6 11. Qd2 Qd7 12. Kh2 f6 13. Rac1 Rad8 14. Ne4 Nd5 15. Nc5 Bxc5 16. Bxc5 Rfe8 17. b3 b6 18. Ba3 Nd4 19. Bb2 c5 20. Rfd1 Ne7 21. Ne1 Bd5 22. Nc2 Bxg2 23. Kxg2 Nec6 24. Bc3 Qb7 25. f3 f5 26. e3 Nxf3 27. Qf2 e4 28. dxe4 fxe4 29. Qe2 Qf7 30. Na3 Qh5 31. Qc4+ Kh8 32. Rxd8 Nxd8 33. g4 Qh6 34. Qe2 Qd6 35. Kh1 Nf7 36. Rd1 Qh6 37. Kg2 N7g5 38. Rh1 Nh4+ 39. Kg1 Ngf3+ 40. Kf1 Rf8 41. Qf2 Qd6 0-1

[Event "Petroupoli op"]
[Site "Petroupoli"]
[Date "2013.10.09"]
[Round "3"]
[White "Hristodoulou, Panagiotis"]
[Black "Katopodis, Ioannis"]
[Result "1-0"]
[WhiteElo "2198"]
[BlackElo "1791"]
[PlyCount "85"]
[EventDate "2013.09.25"]
[EventType "swiss"]
[EventRounds "7"]
[EventCountry "GRE"]
[SourceTitle "EXT 2014"]
[Source "ChessBase"]
[SourceDate "2013.11.20"]
[SourceVersion "1"]
[SourceVersionDate "2013.11.20"]
[SourceQuality "1"]

1. e4 c6 2. Nc3 d5 3. Nf3 dxe4 4. Nxe4 Bg4 5. h3 Bh5 6. Ng3 Bg6 7. h4 h6 8. Ne5 Qd6 9. d4 Nd7 10. Nxg6 Qxg6 11. Bf4 Qe6+ 12. Be2 Ndf6 13. 0-0 Qd7 14. c4 e6 15. Qb3 Rd8 16. Rad1 Qc8 17. Rfe1 Ne7 18. Be5 Nd7 19. Bd6 Nf6 20. Qa3 Rxd6 21. Qxd6 Ng6 22. Nf5 exf5 23. Bg4+ Be7 24. Bxf5 Qxf5 25. Qb8+ Kd7 26. Qxb7+ Kd8 27. Qxc6 Qc8 28. Qb5 Qc7 29. d5 Bd6 30. b4 Qb6 31. Qa4 Qxb4 32. Qxa7 Nd7 33. Rb1 Qxc4 34. Rec1 Qxd5 35. Rd1 Qc5 36. Qa8+ Ke7 37. Re1+ Nde5 38. Qb7+ Ke6 39. h5 Ne7 40. Rbc1 Rb8 41. Qxb8 Bxb8 42. Rxc5 N7c6 43. Rxc6+ 1-0

[Event "Petroupoli Master Division "]
[Site "Petroupoli"]
[Date "2012.11.21"]
[Round "3.15"]
[White "Katopodis, Ioannis"]
[Black "Kondopoulos, Dimitrios"]
[Result "1-0"]
[WhiteElo "1713"]
[BlackElo "2026"]
[PlyCount "141"]
[EventDate "2012.11.07"]
[EventType "swiss"]
[EventRounds "7"]
[EventCountry "GRE"]
[SourceTitle "EXT 2024"]
[Source "ChessBase"]
[SourceDate "2023.10.10"]
[SourceVersion "1"]
[SourceVersionDate "2023.10.10"]
[SourceQuality "1"]

1. c4 c5 2. g3 g6 3. Bg2 Bg7 4. Nc3 Nc6 5. Nf3 e6 6. e3 Nge7 7. 0-0 0-0 8. d4 cxd4 9. Nxd4 d5 10. cxd5 Nxd5 11. Nxc6 bxc6 12. Ne4 Ba6 13. Re1 Qb6 14. Bf1 Rfd8 15. Bxa6 Qxa6 16. Qe2 Qb6 17. a3 Rab8 18. Qc2 Qb5 19. Rd1 h5 20. Rb1 Ne7 21. Bd2 Qe2 22. Re1 Qf3 23. Bc3 h4 24. Bxg7 h3 25. Kf1 Kxg7 26. Nd2 Qd5 27. Red1 Qg2+ 28. Ke2 Nf5 29. Nf1 Nh6 30. Qc3+ f6 31. Qe1 Ng4 32. b4 g5 33. Rbc1 Ne5 34. Qc3 Ng4 35. Qe1 Qe4 36. f3 Qf5 37. fxg4 Qxg4+ 38. Kf2 Qe4 39. Qe2 g4 40. Rxd8 Rxd8 41. Rd1 Rd5 42. Rxd5 cxd5 43. Qd2 e5 44. Ke1 d4 45. Qe2 d3 46. Qd2 Qc4 47. Kf2 Qb3 48. e4 Qc2 49. Ke3 Qb1 50. Kf2 Qc2 51. Ke3 Qb1 52. Qf2 Qa1 53. Kxd3 Qxa3+ 54. Ke2 Qa6+ 55. Ke1 Qa1+ 56. Kd2 Qb2+ 57. Ke3 Qa3+ 58. Ke2 Qa6+ 59. Kd1 Qa1+ 60. Kd2 Qb2+ 61. Ke1 Qc1+ 62. Ke2 Qb2+ 63. Nd2 Qxb4 64. Qxa7+ Kg6 65. Qd7 Kh6 66. Qxg4 Qb5+ 67. Ke1 Qd3 68. Qxh3+ Kg7 69. Qg4+ Kf7 70. Qe2 Qd4 71. Qc4+ 1-0

[Event "Petroupoli op 10th"]
[Site "Petroupoli"]
[Date "2012.10.27"]
[Round "7"]
[White "Katopodis, Ioannis"]
[Black "Grigoriadis, Mihail"]
[Result "0-1"]
[WhiteElo "1713"]
[BlackElo "1914"]
[PlyCount "84"]
[EventDate "2012.10.06"]
[EventType "swiss"]
[EventRounds "7"]
[EventCountry "GRE"]
[SourceTitle "EXT 2013"]
[Source "ChessBase"]
[SourceDate "2012.11.22"]
[SourceVersion "1"]
[SourceVersionDate "2012.11.22"]
[SourceQuality "1"]

1. c4 e5 2. g3 g6 3. Bg2 f5 4. d4 exd4 5. Qxd4 Qf6 6. Qxf6 Nxf6 7. b3 Bg7 8. Bb2 Nc6 9. Na3 Nb4 10. Nb5 Kd8 11. Na3 Re8 12. Kd1 Bh8 13. Nc2 a5 14. Nxb4 axb4 15. Nh3 Ng4 16. Bxh8 Rxh8 17. e3 Re8 18. Ke2 Re5 19. Rhd1 Rea5 20. Rd2 Ra3 21. Rb2 Ne5 22. Nf4 c6 23. Nd3 Nxd3 24. Kxd3 d6 25. Bf3 Be6 26. Kd4 R8a5 27. h4 c5+ 28. Kd3 b5 29. Bd5 Bxd5 30. cxd5 c4+ 31. Kd4 cxb3 32. Kd3 bxa2+ 33. Kd2 R5a4 34. Kc2 Ke7 35. Rb3 Kf6 36. f4 Ke7 37. Rxa3 Rxa3 38. Kb2 Kd7 39. Rxa2 Rxa2+ 40. Kxa2 Kc7 41. Kb3 Kb6 42. Kxb4 h5 0-1

[Event "GRE-ch U12"]
[Site "Kallithea"]
[Date "2010.07.02"]
[Round "9"]
[White "Korniotis, Filippos"]
[Black "Katopodis, Ioannis"]
[Result "1/2-1/2"]
[WhiteElo "1570"]
[BlackElo "1451"]
[PlyCount "54"]
[EventDate "2010.06.26"]
[EventType "swiss"]
[EventRounds "9"]
[EventCountry "GRE"]
[SourceTitle "EXT 2012"]
[Source "ChessBase"]
[SourceDate "2011.11.24"]
[SourceVersion "1"]
[SourceVersionDate "2011.11.24"]
[SourceQuality "1"]

1. d4 Nf6 2. c4 c5 3. e3 e6 4. Nf3 g6 5. Nc3 Bg7 6. Be2 d6 7. 0-0 0-0 8. Nb5 Na6 9. h3 Nc7 10. Nxc7 Qxc7 11. Qc2 a6 12. Rd1 Rd8 13. Rb1 cxd4 14. exd4 b5 15. Bf4 bxc4 16. Rbc1 Bd7 17. Bxc4 Rdc8 18. Rd2 Qb6 19. Qd1 d5 20. Bb3 Rxc1 21. Qxc1 Rc8 22. Rc2 Rxc2 23. Qxc2 Qc6 24. Qxc6 Bxc6 25. Ne5 Be8 26. Be3 Ne4 27. f3 Nd6 1/2-1/2

[Event "GRE-ch U12"]
[Site "Kallithea"]
[Date "2010.06.26"]
[Round "1"]
[White "Katopodis, Ioannis"]
[Black "Kourkoulos Arditis, Stamatis"]
[Result "0-1"]
[WhiteElo "1451"]
[BlackElo "1924"]
[PlyCount "98"]
[EventDate "2010.06.26"]
[EventType "swiss"]
[EventRounds "9"]
[EventCountry "GRE"]
[SourceTitle "EXT 2012"]
[Source "ChessBase"]
[SourceDate "2011.11.24"]
[SourceVersion "1"]
[SourceVersionDate "2011.11.24"]
[SourceQuality "1"]

1. c4 Nf6 2. g3 e6 3. Bg2 c5 4. Nf3 Nc6 5. 0-0 Be7 6. Nc3 0-0 7. d4 d5 8. cxd5 exd5 9. b3 b6 10. Bb2 Bb7 11. e3 Ne4 12. dxc5 Bf6 13. Rc1 Nxc5 14. Ba1 Nb4 15. a3 Nbd3 16. Rc2 Ba6 17. b4 Nb3 18. b5 Nxa1 19. Qxd3 Nxc2 20. bxa6 Bxc3 21. Qxc3 Rc8 22. Qd3 Qd6 23. Nh4 Rc5 24. Nf5 Qe5 25. Nd4 Rfc8 26. Nxc2 Rxc2 27. Bxd5 R8c3 28. Qe4 Qxe4 29. Bxe4 Rc1 30. a4 Rc4 31. Rxc1 Rxc1+ 32. Kg2 Rc4 33. Bd3 Rxa4 34. Kf3 Ra2 35. h4 h6 36. g4 Kf8 37. h5 Ke7 38. Bc4 Rb2 39. Kg3 b5 40. Bd5 b4 41. f3 b3 42. Be4 Re2 43. Kf4 b2 44. Bb1 Re1 45. Ba2 b1Q 46. Bxb1 Rxb1 47. e4 Rb6 48. Ke5 Rxa6 49. f4 Rb6 0-1